00574nab a2200133 i 4500001000700000003000900007005001700016008004100033100003100074245010500105610003200210650004100242773015700283190393ES-MaACL20250704062552.0210122s2016 sp 000 0 spa d1 aDíez Torre, Alejandro R.10aHacia una universidad libre de Madrid en el Ateneo de Madrid (1820-1906) / cAlejandro Díez Torre.24aAteneo de Madrid-vHistoria 4aUniversidades-zEspaña-xHistoria.0 tHistoria universitaria de España y América,dAlcalá de Henares : Universidad de Alcalá, [2016],zISBN 9788416978069,gp. 337-3840188871w188871